00478nam a22001577a 4500008004100000040001500041050002700056100002100083245006700104260004600171300001500217650002500232650002300257650002000280650002000300191123b xxu||||| |||| 00| 0 eng d aKABUcKABU aHf5549b.K53 2017 c. 1 aKibicho, Paul M. aAfter the sixth daybquality work-life manualcPaul M. Kibicho aNairobi, KenyabPanorama Publishersc2017 axvi, 62 p. aQuality of work life aLabor productivity aSelf confidence aTime management